Why philosophize? / (Record no. 121928)
[ view plain ]
| 000 -LEADER | |
|---|---|
| fixed length control field | 01278cam a2200373 a 4500 |
| 001 - CONTROL NUMBER | |
| control field | 10553116 |
| 003 - CONTROL NUMBER IDENTIFIER | |
| control field | ARRUPE |
| 005 - DATE AND TIME OF LATEST TRANSACTION | |
| control field | 20150129141806.0 |
| 008 - FIXED-LENGTH DATA ELEMENTS--GENERAL INFORMATION | |
| fixed length control field | 130409s2013 enk 000 0 eng d |
| 020 ## - INTERNATIONAL STANDARD BOOK NUMBER | |
| International Standard Book Number | 9780745670720 (hardback) |
| 020 ## - INTERNATIONAL STANDARD BOOK NUMBER | |
| International Standard Book Number | 0745670725 (hardback) |
| 020 ## - INTERNATIONAL STANDARD BOOK NUMBER | |
| International Standard Book Number | 9780745670737 (pbk.) |
| 020 ## - INTERNATIONAL STANDARD BOOK NUMBER | |
| International Standard Book Number | 0745670733 (pbk.) |
| 024 ## - OTHER STANDARD IDENTIFIER | |
| Standard number or code | 40022906035 |
| 035 ## - SYSTEM CONTROL NUMBER | |
| System control number | (OCoLC)837528252 |
| Canceled/invalid control number | (OCoLC)837528254 |
| 035 ## - SYSTEM CONTROL NUMBER | |
| System control number | (OCoLC)ocn837528252 |
| 035 ## - SYSTEM CONTROL NUMBER | |
| System control number | (NNC)10553116 |
| 040 ## - CATALOGING SOURCE | |
| Original cataloging agency | YDXCP |
| Language of cataloging | eng |
| Transcribing agency | YDXCP |
| Modifying agency | BTCTA |
| -- | UKMGB |
| -- | QGK |
| -- | NhCcYBP |
| 050 #4 - LIBRARY OF CONGRESS CALL NUMBER | |
| Classification number | BD22 |
| Item number | .L9613 2013 |
| 082 04 - DEWEY DECIMAL CLASSIFICATION NUMBER | |
| Classification number | 194 |
| Edition number | 23 |
| 300 ## - PHYSICAL DESCRIPTION | |
| Dimensions | 20 cm. |
| 100 1# - MAIN ENTRY--PERSONAL NAME | |
| Personal name | Lyotard, Jean-François, |
| Dates associated with a name | 1924-1998. |
| 9 (RLIN) | 14760 |
| 240 10 - UNIFORM TITLE | |
| Uniform title | <a href="Pourquoi philosopher?">Pourquoi philosopher?</a> |
| Language of a work | English |
| 245 10 - TITLE STATEMENT | |
| Title | Why philosophize? / |
| Statement of responsibility, etc | Jean-François Lyotard ; translated by Andrew Brown. |
| 260 ## - PUBLICATION, DISTRIBUTION, ETC. (IMPRINT) | |
| Place of publication, distribution, etc | Cambridge, UK ; |
| -- | Malden, MA : |
| Name of publisher, distributor, etc | Polity Press, |
| Date of publication, distribution, etc | c2013. |
| 300 ## - PHYSICAL DESCRIPTION | |
| Extent | viii, 123 p. ; |
| 500 ## - GENERAL NOTE | |
| General note | Originally published in 212 as Pourquoi philosopher? by Presses Universitaries de France. |
| 546 ## - LANGUAGE NOTE | |
| Language note | Translated from the French. |
| 650 #0 - SUBJECT ADDED ENTRY--TOPICAL TERM | |
| Topical term or geographic name as entry element | Philosophy |
| Form subdivision | Introductions. |
| 9 (RLIN) | 14761 |
| 700 1# - ADDED ENTRY--PERSONAL NAME | |
| Personal name | Brown, Andrew |
| Titles and other words associated with a name | (Literary translator) |
| 9 (RLIN) | 14762 |
| 942 ## - ADDED ENTRY ELEMENTS (KOHA) | |
| Source of classification or shelving scheme | Library of Congress Classification |
| Koha item type | Monograph ( Printed materials) |
| 948 1# - LOCAL PROCESSING INFORMATION (OCLC); SERIES PART DESIGNATOR (RLIN) | |
| Series part designator, SPT (RLIN) | 20131120 |
| b (OCLC) | c |
| c (OCLC) | ybp21 |
| d (OCLC) | MPS |
| 949 ## - LOCAL PROCESSING INFORMATION (OCLC) | |
| i | 0073235903 |
| Withdrawn status | Lost status | Source of classification or shelving scheme | Damaged status | Not for loan | Collection code | Home library | Current library | Shelving location | Date acquired | Total Checkouts | Full call number | Barcode | Date last seen | Price effective from | Koha item type |
|---|---|---|---|---|---|---|---|---|---|---|---|---|---|---|---|
| Library of Congress Classification | Main Collection | ARRUPE LIBRARY | ARRUPE LIBRARY | Main Collection | 29/01/2015 | BD22 .L961 2013 | 46500002976 | 02/09/2016 | 29/01/2015 | Monograph ( Printed materials) |